000 00442nam a2200169Ia 4500
003 GCL
008 140319s9999 xx 000 0 eng d
040 _aGCL /
_cGCL
082 0 4 _a305.50941
_bA P
100 1 _aARGYLE, MICHAEL
245 1 0 _aTHE PSYCHOLOGY OF SOCIAL CLASS /
_cARGYLE, MICHAEL
260 _a[S.N] :
_bROUTLEDGE ،
_c1993
300 _a305 P
650 0 4 _aPSYCHOLOGICAL ASPECTS
650 0 4 _aGREAT BRITAIN
942 _2ddc
_cBK
999 _c18205
_d18205